US States by Less Populous Borders in 15 Seconds - Statistics

General Stats
  • This quiz has been taken 484 times
  • The average score is 18 of 50
Answers on the Map
Answers color-coded by a green-red scale on the quiz's map according to % correct below.
 
Answer Stats
State % Correct
Utah
77%
Colorado
72%
Idaho
72%
Texas
67%
Montana
65%
California
61%
Missouri
59%
Oregon
55%
Nebraska
52%
South Dakota
52%
Nevada
49%
Oklahoma
49%
Arizona
48%
Wyoming
45%
Ohio
43%
Tennessee
43%
Massachusetts
42%
New York
42%
Pennsylvania
39%
Illinois
38%
New Hampshire
38%
Washington
38%
Louisiana
33%
Georgia
32%
Arkansas
30%
Florida
30%
Iowa
30%
Minnesota
30%
Virginia
29%
Alabama
28%
Alaska
26%
Kansas
26%
Vermont
26%
Wisconsin
26%
Maryland
25%
Connecticut
23%
Maine
23%
Kentucky
22%
Rhode Island
22%
Michigan
20%
Hawaii
19%
Mississippi
19%
Indiana
17%
North Carolina
17%
New Mexico
16%
West Virginia
16%
New Jersey
14%
Delaware
10%
North Dakota
9%
South Carolina
7%
No matching quizzes found
Score Distribution
Percent of People with Each Score
Percentile by Number Answered
Your Score History
You have not taken this quiz